000 00622nam a22001937a 4500
005 20251108170508.0
008 250721s9999 xx 000 0 ara d
082 1 4 _aط/ق / مغر
100 1 _aالمغربي، امل
245 1 0 _aالطيب و المشاكس /
264 1 _aبيروت :
_bدار الفكر العربي،
_c[19-].
300 _a[14] ص . : مص
490 0 _aسلسلة عصافير الجنة ؛
_v3
650 1 7 _aالقصص العربية
653 _aأطفال ما قبل المدرسة ( 0-5 سنوات )
700 1 _aقطب، محمد
_eرسام
942 _2ddc
_cBK
999 _c41905
_d41905